Top 10 Liverpool PL scorers - Statistics

General Stats
  • This quiz has been taken 294 times
  • The average score is 7 of 10
Answer Stats
Hint Answer % Correct
120 Gerrard
94%
128 Fowler
87%
118 Owen
87%
69 Suarez
87%
65 Torres
79%
45 Rush
67%
45 Sturridge
54%
51 Kuyt
49%
39 Heskey
40%
41 Mcmanaman
28%
No matching quizzes found
Score Distribution
Percent of People with Each Score
Percentile by Number Answered
Your Score History
You have not taken this quiz